000
00304nam a22001337a 4500
008
181218b xxu||||| |||| 00| 0 eng d
020
_a
9780471459064
041
_a
eng
080
_a
159.9
100
_a
48
101
_a
PSI
245
_a
Positive Psychology in Practice
_c
Linley,P.A
942
_2
udc
_c
BK
999
_c
53472
_d
53472